000 00810nam a22002417a 4500
999 _c1509
_d1509
005 20251125232738.0
008 s2533 th tha d
020 _a9748566919
040 _aNALT
041 _atha
050 _aHJ2343 ท9ก43
100 0 _aกฤตศิลป์ กนกนาก
245 1 0 _aภาษีซ้อน
246 _aDouble taxation
260 3 _aกรุงเทพฯ :
_bนิติธรรม,
_c2533
300 _a140 หน้า ;
_b 21 ซม.
650 0 4 _aภาษีซ้อน
650 0 4 _aอนุสัญญาภาษีซ้อน
850 _aNALT
856 4 0 _uhttps://hdl.handle.net/20.500.14156/302198
_71
942 _cGB
_2lcc
_02
998 _j2118
_k นางสาววิภาวรรณ เส็งจีน